| 000 | 00681nam a2200217 a 4500 | ||
|---|---|---|---|
| 005 | 20240228063850.0 | ||
| 008 | 031103s2000 mx r 000 0 spa d | ||
| 020 | _a8495040522 | ||
| 035 | _aUPN01000130564 | ||
| 049 | _aI | ||
| 050 | 4 |
_aND160 _bN6.2 |
|
| 100 | 1 | _aNortheast, Brenda V. | |
| 245 | 1 | 0 |
_aAuguste : _bcon amor / _cBrenda V. Northeast ; tr. Miguel Ángel Mendo. |
| 260 |
_aBarcelona, Esp. : _bSerres, _c2000. |
||
| 300 |
_a[28] p. _bprincipalmente il. col. |
||
| 534 |
_pTraducción de: _tFor the love of Auguste |
||
| 650 | 4 | _aPINTURA MODERNA | |
| 650 | 4 |
_aLibros y lectura para niños _92290 |
|
| 600 | 1 | 4 |
_aRENOIR, PIERRE AUGUSTE, _d1841-1919 |
| 905 | _aInfantil | ||
| 999 |
_c102721 _d102721 |
||